Name The Taylor Swift Song From The First Verse - Statistics

General Stats
  • This quiz has been taken 78 times
  • The average score is 15 of 20
Answer Stats
First verse Song % Correct
Looking at it now It all seems so simple We were lying on your couch I remember You took a Polaroid of us Then discovered (Then discovered) The rest of the world was black and white But we were in screaming color And I remember thinkin' Out Of The Woods
94%
Salt air, and the rust on your door I never needed anything more Whispers of "Are you sure?" "Never have I ever before" august
89%
Baby love, I think I've been a little too kind Didn't notice you walkin' all over my peace of mind In the shoes I gave you as a present Puttin' someone first only works when you're in their top five And by the way, I'm goin' out tonight Bejeweled
88%
I love my hometown as much as Motown, I love SoCal And you know I love Springsteen, faded blue jeans, Tennessee whiskey But somethin' happened, I heard him laughin' I saw the dimples first and then I heard the accent London Boy
88%
I'm so glad you made time to see me How's life? Tell me, how's your family? I haven't seen them in a while You've been good, busier than ever We small talk, work and the weather Your guard is up and I know why Back To December
86%
My love was as cruel as the cities I lived in Everyone looked worse in the light There are so many lines that I've crossed unforgiven I'll tell you the truth but never goodbye Daylight
86%
I forget how the West was won I forget if this was ever fun I just learned these people only raise you To cage you Sarahs and Hannahs in their Sunday best Clutchin' their pearls, sighing, "What a mess" I just learned these people try and save you 'Cause they hate you But Daddy I Love Him
82%
Green was the color of the grass Where I used to read at Centennial Park I used to think I would meet somebody there Teal was the color of your shirt When you were sixteen at the yogurt shop You used to work at to make a little money invisible string
82%
Once the flight had flown (Uh-huh) With the wilt of the rose (Uh-huh) I slept all alone (Uh-huh) You still wouldn't go Is It Over Now?
80%
We were crazy to think Crazy to think that this could work Remember how I said I'd die for you? We were stupid to jump In the ocean separating us Remember how I’d fly to you? False God
74%
We hereby conduct this post-mortem He was a hot house flower to my outdoorsman Our maladies were such we could not cure them And so a touch that was my birthright became foreign How Did It End?
74%
You brush past me in the hallway And you don't think I, I, I can see ya, do ya? I’ve been watchin' you for ages And I spend my time tryin' not to feel it I Can See You
74%
I, I loved you in secret First sight, yeah, we love without reason Oh, twenty-five years old Oh, how were you to know? And My, my love had been frozen Deep blue, but you painted me golden Oh, and you held me close Oh, how was I to know? I Dancing With Our Hands Tied
71%
I'm perfectly fine, I live on my own I made up my mind, I'm better off bein' alone We met a few weeks ago Now you try on callin' me "baby" like tryin' on clothes King Of My Heart
70%
Drew looks at me I fake a smile so he won't see That I want and I'm needing Everything that we should be Teardrops On My Guitar
70%
Gray November I've been down since July Motion capture Put me in a bad light I replay my footsteps on each stepping stone Trying to find the one where I went wrong Writing letters Addressed to the fire evermore
68%
I washed my hands of us at the club You made a mess of me I pictured you with other girls in love Then threw up on the street Like waiting for a bus that never shows You just start walkin' on They say that if it's right, you know Each bar plays our song Nothing has ever felt so wrong Hits Different
68%
All I knew this mornin' when I woke Is I know something now Know something now I didn't before And all I've seen since eighteen hours ago Is green eyes and freckles and your smile In the back of my mind makin' me feel like Everything Has Changed
61%
Say you're sorry, that face of an angel Comes out just when you need it to As I paced back and forth all this time 'Cause I honestly believed in you White Horse
55%
It's strange to think the songs we used to sing The smiles, the flowers, everything is gone Yesterday, I found out about you Even now, just lookin' at you feels wrong Should've Said No
53%
No matching quizzes found
Score Distribution
Percent of People with Each Score
Percentile by Number Answered
Your Score History
You have not taken this quiz